Statystyki dla Powiaty w Podlaskim

Kliknij tutaj aby rozwiązać quiz!

Ogólne statystyki

  • Ten quiz został rozwiązany 31 razy
  • Średni wynik to 14 z 17

Statystyki odpowiedzi

Powiaty% Poprawnych
białostocki
96%
łomżyński
93%
bielski
89%
suwalski
89%
augustowski
86%
sokólski
86%
zambrowski
86%
Białystok
82%
wysokomazowiecki
82%
hajnowski
79%
sejneński
79%
Suwałki
79%
grajewski
75%
Łomża
75%
moniecki
75%
siemiatycki
71%
kolneński
68%

Rozkład punktacji

Percentyl według liczby udzielonych odpowiedzi

Procent ludzi z każdym wynikiem

Twoja historia wyników

Nie rozwiązałeś tego quizu